01067nam a2200217 i 450000100060000000300090000600500170001500700030003200800410003508000160007610000290009224503010012126000770042230000210049961000480052061000440056865000300061270000420064285200700068485600950075421914ES-MaACL20260327150004.0t|021128s1917 sp |||| | spa d a94(=134.28)1 aAlcheh y Saporta, Isaac.14aLos españoles sin patria de Salónica b: conferencia dada en el Ateneo Científico, Literario y Artístico de Madrid, el sábado 2 de diciembre de 1916 y publicada en "La lectura" (revista de ciencias y de artes) de Madrid /cIsaac Alcheh y Saporta ; prólogo de Gumersindo de Azcárate. aMadrid : b[s.n.], c1917 (fTip. de la "Rev. de Arch. y Bibl. y Museos) a64 p. ; c25 cm.24aAteneo de Madrid-vConferencias-y1900-193924aAteneo de Madrid-vObras digitalizadas.14aSefardíes-zSalónica.1 aAzcárate, Gumersindo de,d1840-1917 aES-MaACLj1519-F-13cDEPOFzRevisado enlace: 27 de Marzo de 2025.4 uhttp://www.ateneodemadrid.com/biblioteca_digital/folletos/Folletos-0208.pdfyVer documento